00265nam a2200109Ia 4500008004100000082001000041100003300051245001700084260002000101630001700121730001700138100328s9999 xx 000 0 und d b48652 aपाध्ये भाऊ aराडा bअक्षर aराडा aराडा